000 00618 a2200205 4500
001 61683
005 20260407155907.0
008 260407a1982 arg spa d
003 AR-UNSa-BCEJYS
040 _aAR-UNSa-BCEJYS
_bspa
_cAR-UNSa-BCEJYS
080 _a347.454
_xArrendamiento de obras y servicios (Locación de obra)
245 1 0 _aTratado de locación de obra
020 _a978-950-14-0016-8
264 1 _aBuenos Aires :
_bEdiciones Depalma
_c1982
300 _a3 v. (592 ; 676 ; 494 p.)
_c23 cm.
041 _aspa
942 _cBK
590 _aniveau_biblio:m niveau_hierar:0
100 1 _aSpota, Alberto G.
999 _c7359
_d7359